The inner philosopher (Record no. 183531)

MARC details
000 -LEADER
campo de control de longitud fija 01031nam a2200289 i 4500
001 - NÚMERO DE CONTROL
campo de control 183531
003 - IDENTIFICADOR DE NÚMERO DE CONTROL
campo de control ES-MaACL
005 - FECHA Y HORA DE LA ÚLTIMA TRANSACCIÓN
campo de control 20250808010514.0
008 - DATOS DE LONGITUD FIJA--INFORMACIÓN GENERAL
campo de control de longitud fija 140715s2012 xxu |||| | eng d
020 ## - NÚMERO INTERNACIONAL ESTÁNDAR DEL LIBRO
Número Internacional Estándar del Libro 9781887917094
080 ## - NÚMERO DE LA CLASIFICACIÓN DECIMAL UNIVERSAL
Número de la Clasificación Decimal Universal 101
100 1# - ENTRADA PRINCIPAL--NOMBRE DE PERSONA
Nombre de persona Marinoff, Lou.
9 (RLIN) 76857
245 14 - MENCIÓN DEL TÍTULO
Título The inner philosopher
Resto del título : conversations on philosophy's transformative power /
Mención de responsabilidad, etc. Lou Marinoff, Daisaku Ikeda.
260 ## - PUBLICACIÓN, DISTRIBUCIÓN, ETC.
Lugar de publicación, distribución, etc. Cambridge, Massachusetts :
Nombre del editor, distribuidor, etc. Dialogue Path Press,
Fecha de publicación, distribución, etc. 2012.
300 ## - DESCRIPCIÓN FÍSICA
Extensión 243 p. :
Otras características físicas 1 retr. ;
Dimensiones 22 cm.
500 ## - NOTA GENERAL
Nota general Índice.
504 ## - NOTA DE BIBLIOGRAFÍA, ETC.
Nota de bibliografía, etc. Bibliografía: p. [213-215]
650 04 - PUNTO DE ACCESO ADICIONAL DE MATERIA--TÉRMINO DE MATERIA
Término de materia o nombre geográfico como elemento de entrada Orientación filosófica.
9 (RLIN) 15768
650 #7 - PUNTO DE ACCESO ADICIONAL DE MATERIA--TÉRMINO DE MATERIA
Término de materia o nombre geográfico como elemento de entrada Moral práctica
Fuente del encabezamiento o término embne
9 (RLIN) 11261
650 ## - PUNTO DE ACCESO ADICIONAL DE MATERIA--TÉRMINO DE MATERIA
Término de materia o nombre geográfico como elemento de entrada Budismo.
9 (RLIN) 10630
700 1# - ENTRADA AGREGADA--NOMBRE PERSONAL
Nombre de persona Ikeda, Daisaku.
9 (RLIN) 65160
852 1# - LOCALIZACIÓN
Ubicación BA
Número de control de estantería A-13142
itemnumber 190472
Sublocalización o colección R.149974
Signatura antigua Olim: N-6142
Ubicación en estantería Depósito 1
Anotaciones manuscritas Dedicatoria autógrafa del autor
Donativo/Legado Donación: Lou Marinoff
903 ## - NOMBRE PERSONAL DE DONANTE
9 76857
a Marinoff, Lou
e Donante
942 ## - ELEMENTOS DE ENTRADA SECUNDARIOS (KOHA)
Fuente del sistema de clasificación o colocación Clasificación decimal universal
Tipo de ítem Koha Libro impreso
Holdings
Estatus retirado Estado de pérdida Fuente del sistema de clasificación o colocación Estado de daño No para préstamo Colección Biblioteca de origen Biblioteca actual Ubicación en estantería Fecha de adquisición Fuente de adquisición Total de préstamos Signatura topográfica completa Código de barras Visto por última vez Precio de reemplazo Tipo de ítem Koha Nota pública
    Clasificación decimal universal     Libros con dedicatorias Biblioteca del Ateneo de Madrid Biblioteca del Ateneo de Madrid Depósito 1 15/07/2014 Donación   A-13142 1192908 23/02/2023 23/02/2023 Libro impreso Dedicatoria autógrafa del autor